00929nam a2200229Ia 4500003000900000008004100009040001600050080001800066110000900084111011000093245024100203260003700444300001500481650004100496650001400537650001300551700002600564700002200590700002400612700002400636710003900660IN-BaIIA211028s9999 xx 000 0 eng d cIIA Library a52-337bHIN.1 aNATO aNATO Advanced Study Institute on Planetary and Stellar MagnetismcUniversity of Newcastle upon Tyned1965 0aMagnetism and the cosmosbproceedings of NATO advanced study institute on planetary and stellar magnetism held in the departments of physics and mathematics, University of Newcastle Upon Tyne, 1965cedtied by W. R. Hindmarsh… [et al.] aEdinburghbOliver and Boydc1967 axiv, 436p. aAstronomy and astrophysics thesaurus aMagnetism aUniverse aHindmarsh, W. R., ed. aLowes, F. J., ed. aRoberts, P. H., ed. aRuncorn, S. K., ed. aNorth Atlantic Treaty Organization